| 000 | 01077naa a22002897a 4500 | ||
|---|---|---|---|
| 001 | BR9101126 | ||
| 003 | BR-BrBNA | ||
| 005 | 20240918180642.0 | ||
| 007 | ta | ||
| 008 | 230509b bl.||||| |||| 00| 0 por d | ||
| 040 |
_aBR-BrBNA _bpor _cBiblioteca Nacional de Agricultura |
||
| 041 | _a(Pt) | ||
| 072 |
_aL50; M40 _b8300 |
||
| 090 | _aL50 BR9101126 | ||
| 100 | 1 | _aBarroco, M.A. | |
| 100 | 1 | _aAmirante, G.A. | |
| 111 | 1 |
_a2. Seminario sobre Ciencias do Mar _cFlorianopolis, SC (Brazil) _d3-4 Dec 1987 |
|
| 245 | 1 | _aAlguns estudos preliminares sobre os hemocitos do estomatopodo Squilla mantis (Schonenberger, 1977) | |
| 260 | 3 |
_aFlorianopolis, SC (Brasil): _c1989. |
|
| 500 | _aAnais do 2. Seminario sobre Ciencias do Mar da UFSC Florianopolis, SC (Brasil): 1989. p. 90-95 (BR9101126-AM)L50 | ||
| 650 | _aCRUSTACEO | ||
| 650 | _aHISTOQUIMICA | ||
| 650 | _aTECIDO ANIMAL | ||
| 773 | 0 |
_tAnais do 2. Seminario sobre Ciencias do Mar da UFSC _wL50 BR9101126 _gFlorianopolis, SC (Brasil), 1989. p. 90-95 |
|
| 909 |
_a202404 _bLucia _c55 _dLucia Elande |
||
| 942 |
_cAM _2AGRIS |
||
| 999 |
_c321513 _d321513 |
||